| 000 | 00637nam a22002177a 4500 | ||
|---|---|---|---|
| 003 | IIN | ||
| 005 | 20250428143530.0 | ||
| 008 | 250326b |||ad||| |||| 001 0 eng d | ||
| 020 |
_a9789392242090 _cRs.1275.00 |
||
| 040 | _aIIN | ||
| 082 |
_a612 _bSON |
||
| 100 | _aSoni, Pankaj | ||
| 245 |
_aTextbook of Applied Anatomy & Physiology _bfor BSc. Nursing Students (1st Semester) _cPankaj Soni and Rajib Biswas/ edited by Vishesh Singhal |
||
| 260 |
_aPunjab _bVHS _c2023 |
||
| 300 |
_axvi, 568 p. _bcol. ill. |
||
| 650 | _aAnatomy | ||
| 650 | _aPhysiology | ||
| 700 | _aBiswas, Rajib | ||
| 700 | _aSinghal, Vishesh (ed.) | ||
| 942 | _cBOOK | ||
| 999 |
_c1706 _d1706 |
||